Sociedad, información y comunicación: realidades massmediáticas y claves comprensivas /

Wedi'i Gadw mewn:
Manylion Llyfryddiaeth
Prif Awdur: Bisbal, Marcelino
Fformat: Texto
Tagiau: Ychwanegu Tag
Dim Tagiau, Byddwch y cyntaf i dagio'r cofnod hwn!

MARC

LEADER 00000 a a2200000 04500
001 17226
003
040
100 |a Bisbal, Marcelino  
245 |a Sociedad, información y comunicación:   |b realidades massmediáticas y claves comprensivas /  |c Marcelino Bisbal 
773 |g volumen 5, número 4; páginas 105-122  
999 |c 34060  |d 34060